Banská činnosť a jej vplyv na krajinu Stredného Slovenska

Bibliographic Details
Main Author: Mazúrek, Jaroslav, 1930- (Author)
Format: Article
Language:Slovak
PhysicalDescription:Obr. 2, lit. 14 zázn. v češ., slov.
ISBN:8088697077
Subjects:

MARC

LEADER 00000nab a2200000 a 4500
001 vtls000575786
003 SK-MaSNL
005 20260426065805.0
008 160204c1993 xo 0 slo
015 |a SNBRA19rr/mm-uuuuu 
035 |a CL0575924 
040 |a SNKBUCL  |b slo  |c SNKBUCL  |e AACR2 
041 0 |a slo 
044 |a xo  |c SK 
080 |a 911.52(437.6):622  |2 1981 
080 |a 622  |2 1981 
080 |a 504.54.054  |2 1981 
100 1 |a Mazúrek, Jaroslav,  |d 1930-  |4 aut  |9 100369 
245 1 0 |a Banská činnosť a jej vplyv na krajinu Stredného Slovenska  |c Jaroslav Mazúrek 
300 |b Obr. 2, lit. 14 zázn. v češ., slov. 
650 0 7 |a krajina prírodná  |2 snkbucl  |9 899378 
650 0 7 |a baníctvo  |2 snkbucl  |9 3571 
651 7 |a Slovensko stredné  |2 snkbucl  |9 163655 
655 7 |a články zo zborníkov  |2 snkbucl  |9 166140 
773 0 |t Geografia - aktivity človeka v krajine  |d Prešov : Pedagogická fakulta v Prešove UPJŠ v Košiciach, 1993  |g S. 64-70  |z 8088697077 
850 |a Slovenská národná knižnica v Martine  |a MTA001 
852 |a SNK  |b KIS3GCP 
958 |a NB 
958 |a RK 
958 |a SK 
992 |a RZB 
999 |c 2640919  |d 2642849